000 00991nam a2200277 i 4500
001 11868
003 KOSZ 005
005 20200630132825.0
008 080222s1965 pl a f 001 0 pol
015 _aPB 1965/8592
040 _aWA N
_cKOSZ 005/RW
_dKOSZ 005/RW
041 0 _apol
_beng
_brus
080 _a330
245 0 0 _aZarys teorii gospodarki socjalistycznej /
_cpod kierownictwem nauk. Aleksego Wakara ; R. Bauer [et al.].
260 _aWarszawa :
_bPaństwowe Wydawnictwo Naukowe,
_c1965.
300 _a489, [2] s. :
_bil., err. ;
_c25 cm.
380 _aKsiążki.
504 _aBibliogr. s. 457-[459]. Indeks.
546 _aStreszcz. ang., ros.
650 4 _aEkonomia polityczna socjalizmu
700 1 _aWakar, Aleksy
_d(1898-1966).
_eRed.
700 1 _aBauer, Roman.
710 2 _aPaństwowe Wydawnictwo Naukowe
_4pbl.
856 _uhttp://koha.tu.koszalin.pl/cgi-bin/koha/opac-detail.pl?biblionumber=11868
_yKatalog online BPK
942 _2UKD
_cKS
999 _c11868
_d11868